000 01255nam a2200265 u 4500
001 000386059
003 AM-YeHGA
005 20250618072326.0
008 041122s1984 ai r 000 0 rus d
040 _aAM-YeHGA
041 0 _arus
245 0 0 _aФизиология, патофизиология и фармакология мозгового кровообращения :
_bI Всесоюзная конференция: Тезисы докладов: 21-23 июня /
_cАН СССР, АН АрмССР; Под ред. Э.С. Габриеляна и др.
260 _aЕреван :
_bБ. и.,
_c1984.
300 _a196 с. ;
_c22 см.
650 1 4 _aМедицина
650 1 4 _aПатофизиология
650 1 4 _aФизиология
650 1 4 _aМозговое кровообращение
700 1 _aԳաբրիելյան, Էմիլ Սամսոնի,
_d1931-2010
_eред.
_4edt
_91845
710 2 _aАкадемия наук СССР
710 2 _aАкадемия наук АрмССР
711 2 _aВсесоюзная конференция физиология, патофизиология и фармакология мозгового кровообращения
_n(1)
942 _2udc
_cBK
090 _c148357
999 _c146970
_d146970